[Event "Wch U16"]
[Site "Maribor"]
[Date "2012.11.18"]
[Round "11.2"]
[White "Wagner, Dennis"]
[Black "Girish, A Koushnik"]
[Result "0-1"]
[WhiteElo "2456"]
[BlackElo "2367"]
[PlyCount "92"]
[EventDate "2012.11.08"]
[EventType "swiss"]
[EventRounds "11"]
[EventCountry "SLO"]
[SourceTitle "EXT 2013"]
[Source "ChessBase"]
[SourceDate "2012.11.22"]
[SourceVersion "1"]
[SourceVersionDate "2012.11.22"]
[SourceQuality "1"]

1. d4 Nf6 2. c4 g6 3. Nc3 d5 4. Nf3 Bg7 5. Qb3 dxc4 6. Qxc4 O-O 7. e4 Na6 8.
Be2 c5 9. d5 e6 10. O-O exd5 11. exd5 Bf5 12. Rd1 Re8 13. h3 Ne4 14. Bd3 Nd6
15. Qf4 Bxd3 16. Rxd3 Nb4 17. Re3 Rxe3 18. Bxe3 Nd3 19. Qa4 Nxb2 20. Qc2 Qa5
21. Ne4 Nbc4 22. Rd1 Nxe3 23. fxe3 Qd8 24. Nxd6 Qxd6 25. e4 b6 26. Qa4 h6 27.
e5 Bxe5 28. Nxe5 Qxe5 29. d6 Qe6 30. d7 Rd8 31. Qa6 Qc6 32. Qe2 Qe6 33. Qa6 c4
34. Qb7 c3 35. Qc7 Qf6 36. Kh2 Kh7 37. Qc4 Qe7 38. Re1 Qd6+ 39. Kh1 Rxd7 40.
Qxc3 Qd2 41. Qe5 Qxa2 42. Qe8 Qf2 43. Rc1 Rd2 44. Qa8 Re2 45. Rc8 Re1+ 46. Kh2
Qf4+ 0-1

[Event "Beijing Sportaccord blitz"]
[Site "Beijing"]
[Date "2012.12.16"]
[Round "3"]
[White "Mamedyarov, Shakhriyar"]
[Black "Giri, Anish"]
[Result "1-0"]
[WhiteElo "2764"]
[BlackElo "2720"]
[PlyCount "101"]
[EventDate "2012.12.16"]
[EventType "tourn (blitz)"]
[EventRounds "15"]
[EventCountry "CHN"]
[EventCategory "20"]
[SourceTitle "EXT 2014"]
[Source "ChessBase"]
[SourceDate "2013.11.20"]
[SourceVersion "1"]
[SourceVersionDate "2013.11.20"]
[SourceQuality "1"]

1. d4 Nf6 2. c4 g6 3. Nc3 d5 4. e3 Bg7 5. Nf3 O-O 6. Be2 c5 7. dxc5 dxc4 8. O-O
Na6 9. Qd4 Qc7 10. Bxc4 Nxc5 11. Qh4 Be6 12. Bxe6 Nxe6 13. e4 Rfd8 14. e5 Nd5
15. Ne4 Bxe5 16. Bg5 Bf4 17. Rfd1 Bxg5 18. Nexg5 Nxg5 19. Nxg5 Nf6 20. Re1 Rd2
21. Rac1 Qd7 22. h3 Re8 23. Qc4 Qd5 24. Qh4 Rxb2 25. Rc3 Rb5 26. Rg3 Ra5 27. a4
a6 28. Ree3 Qd1+ 29. Kh2 Qd6 30. Ref3 Nh5 31. Rd3 Qf4 32. Qxf4 Nxf4 33. Rd7
Rxa4 34. Rxb7 h6 35. Nf3 Ne2 36. Rg4 Rxg4 37. hxg4 Nc3 38. Ra7 Ne4 39. Kg1 Nc5
40. Ne5 Kg7 41. Rc7 Ne4 42. f3 Nf6 43. Ra7 h5 44. gxh5 Nxh5 45. Rxa6 Rc8 46.
Ra7 Rc1+ 47. Kf2 Rc2+ 48. Kf1 Kf6 49. Ng4+ Ke6 50. Ra6+ Kd5 51. Ne3+ 1-0

[Event "Vienna Stilwerk sim"]
[Site "Vienna"]
[Date "2013.01.04"]
[Round "1"]
[White "Giri, Anish"]
[Black "Mesaros, Florian"]
[Result "1/2-1/2"]
[WhiteElo "2720"]
[BlackElo "2045"]
[Annotator "CB"]
[PlyCount "75"]
[EventDate "2013.01.04"]
[EventType "simul"]
[EventRounds "1"]
[EventCountry "AUT"]
[SourceTitle "CBM 152 Extra"]
[Source "ChessBase"]
[SourceDate "2013.02.25"]
[SourceVersion "1"]
[SourceVersionDate "2013.02.25"]
[SourceQuality "1"]

{Auf 1.e4 hatte sich Florian nicht vorbereitet. Er war sicher, dass Giri gegen
ihn 1.d4 oder 1.Sf3 eröffnet.} 1. e4 c5 2. Nf3 d6 3. d4 cxd4 4. Nxd4 Nf6 5. Nc3
a6 6. Be3 e5 7. Nf3 Be6 ({gilt als ungenau, stärker ist} 7... Be7) 8. Ng5 Bg4
9. Be2 ({Es sieht korrekt aus, den guten Läufer von Schwarz zu tauschen.
Vorteil verspricht laut Giri aber eher} 9. f3 Bh5 10. Bc4 h6 11. Nh3) 9... Bxe2
10. Qxe2 Be7 11. O-O O-O 12. a4 Nbd7 13. Rfd1 Rc8 14. h3 h6 15. Nf3 Qc7 16. a5
Qc4 {Der weiße Vorteil sei allenfalls optisch, so Giri. In Wahrheit sei die
Stellung praktisch ausgeglichen, und sein junger Gegner habe sie nahezu
tadellos verteidigt.} 17. Qd3 Rfd8 18. Ra4 Qxd3 19. Rxd3 Nc5 20. Bxc5 Rxc5 21.
Nd2 Rdc8 22. Kf1 Kf8 23. g3 Ke8 24. Ke2 Bf8 $2 ({Der Läuferzug ist überflüssig,
zumal er nun nicht mehr nach d8 kann. Besser sofort} 24... Kd7) 25. Nf1 Ke7 26.
Ne3 Ke6 27. f4 g6 28. Kf3 h5 29. Rb4 ({Giri verwarf} 29. f5+ {wegen} gxf5 30.
exf5+ Kd7 31. Ned5 e4+ {und übersah, dass er mit} 32. Rxe4 Nxe4 33. Nxe4 {
die Qualität zurückgewinnt und im Vorteil ist.} Rxc2 34. Nb6+ Kc7 35. Nxc8 Kxc8
36. b3) 29... R8c7 30. f5+ gxf5 31. exf5+ Kd7 32. Ne4 $2 ({Damit verpasst Giri
seine letzte Chance auf Vorteil. Den versprach} 32. Ned5 e4+ 33. Rxe4 Nxe4 34.
Nxe4 Rxc2 (34... Rxa5 $5) 35. Nef6+ {usw.}) 32... Nxe4 33. Kxe4 Bh6 {Das
Problem von Weiß ist, dass sich 34.Sd5? wegen 34...Tc4+ 35. Txc4 Txc4+ 36.Kf3
e4+ verbietet.} 34. Rb6 Rc4+ ({Mit} 34... R5c6 {konnte Mesaros nun bereits um
Vorteil kämpfen, z.B.} 35. Rxc6 Rxc6 36. c3 Bxe3 {aber es ist verständlich,
dass er nach langer Verteidigung gerne eine Zugwiederholung erzwingt.}) 35.
Nxc4 Rxc4+ 36. Kd5 (36. Kf3 $4 e4+) 36... Rc5+ 37. Ke4 Rc4+ 38. Kd5 1/2-1/2

[Event "Vienna Stilwerk sim"]
[Site "Vienna"]
[Date "2013.01.04"]
[Round "1"]
[White "Huber, Martin Christian"]
[Black "Giri, Anish"]
[Result "1/2-1/2"]
[WhiteElo "2139"]
[BlackElo "2720"]
[Annotator "CB"]
[PlyCount "74"]
[EventDate "2013.01.04"]
[EventType "simul"]
[EventRounds "1"]
[EventCountry "AUT"]
[SourceTitle "CBM 152 Extra"]
[Source "ChessBase"]
[SourceDate "2013.02.25"]
[SourceVersion "1"]
[SourceVersionDate "2013.02.25"]
[SourceQuality "1"]

1. d4 Nf6 2. c4 g6 3. Nc3 d5 4. cxd5 Nxd5 5. e4 Nxc3 6. bxc3 Bg7 7. Be3 c5 8.
Rc1 Qa5 9. Qd2 O-O 10. Nf3 Rd8 11. d5 e6 12. Bg5 Rd6 13. Bf4 Rd8 14. Bg5 Rd6
15. Bf4 Rd8 16. Bg5 f6 {Mit der Zugwiederholung hätte Giri leben können, wäre
ihm nicht ein 8:0 vorgeschwebt.} 17. Be3 Nc6 18. Bd3 b6 19. O-O Ba6 20. Be2 {
Giri lobte diesen Zug - bevor er erfuhr, dass sein junger Gegner hier noch
drei Züge seiner Vorbereitung folgte, während er selbst schon seit drei Zügen
improvisierte.} (20. Bxa6 Qxa6 21. c4 Nb4 {hätte Weiß einen Bauern gekostet.})
20... Qa4 21. c4 Na5 22. Qd3 $1 ({Giri rechnete mit} 22. Qc2 Qxc2 23. Rxc2 Re8
{und ungefährem Ausgleich, meinte aber, dass sich die schwarze Stellung
leichter spiele.}) 22... Qxa2 23. Nd2 Qa4 (23... f5 24. Bg5 Rd7 25. Qh3) 24.
Rfe1 {Ab hier war Giri später ziemlich unzufrieden mit seinen Zügen.} Qe8 25.
Qc2 exd5 26. exd5 (26. cxd5 $2 Bxe2 27. Rxe2 c4) 26... Qf7 27. Bf3 Bc8 (27...
Bb7 28. Bf4 Re8 29. Ne4) 28. Bf4 Bf8 29. Qb2 Bd7 30. Ne4 Bg7 31. Qa3 g5 (31...
Nb7 32. d6 (32. Bc7 Re8 33. d6) 32... Bc6 33. Nxf6+ Qxf6 34. Bxc6 Qxf4 35. Bxb7
Rab8 36. Qxa7 {behagte Giri nicht, aber was er nun kriegt, muss noch
schlechter sein.}) 32. Bc7 Re8 33. Nd6 Rxe1+ 34. Rxe1 Qg6 35. g4 $1 {Erst nach
diesem starken Zug begriff Giri das Ausmaß der Schwierigkeiten, in denen er
steckte. Er ist praktisch gelähmt. Das einzige, das nichts kaputtmacht, ist
die Dame zwischen g6 und h6 hin und her zu ziehen. Sein Glück ist, dass Weiß
keinen offensichtlichen Gewinnplan hat.} (35. Re7 Qb1+) 35... Bf8 36. Qc3 Qh6 (
36... Qg7 $2 37. Ne4 Kh8 38. Nxf6) (36... f5 $2 37. Nxf5 Bxf5 38. gxf5 Qxf5 39.
d6) 37. Kg2 Qg6 {verbunden mit einem schlauen Remisgebot. Mit zwei Minuten auf
der Uhr wollte Huber nichts riskieren:} 1/2-1/2

[Event "Asia-ch U16"]
[Site "Sari"]
[Date "2013.06.24"]
[Round "5"]
[White "Girish, A Koushnik"]
[Black "Asgarizadeh, Ahmad"]
[Result "1/2-1/2"]
[WhiteElo "2397"]
[BlackElo "2347"]
[PlyCount "80"]
[EventDate "2013.06.21"]
[EventType "swiss"]
[EventRounds "9"]
[EventCountry "IRI"]
[SourceTitle "EXT 2015"]
[Source "ChessBase"]
[SourceDate "2014.11.20"]
[SourceVersion "1"]
[SourceVersionDate "2014.11.20"]
[SourceQuality "1"]

1. Nf3 d5 2. c4 dxc4 3. e3 Nf6 4. Bxc4 e6 5. O-O c5 6. Nc3 a6 7. a4 Nc6 8. d4
Be7 9. Qe2 O-O 10. Rd1 Qc7 11. h3 b6 12. d5 exd5 13. Nxd5 Nxd5 14. Bxd5 Bb7 15.
Bd2 Nd4 16. Nxd4 Bxd5 17. Nf5 Be6 18. Nxe7+ Qxe7 19. Bc3 a5 20. Qb5 Qc7 21. Rd2
Rad8 22. Rad1 f6 23. e4 h6 24. Rxd8 Rxd8 25. Rxd8+ Qxd8 26. Qc6 Kf7 27. f4 Ke7
28. Qb7+ Kf8 29. Qc6 Ke7 30. f5 Bd7 31. Qb7 Kf8 32. e5 Bxf5 33. Qf3 Qd3 34.
Qa8+ Kf7 35. Qb7+ Kg6 36. exf6 Qe3+ 37. Kh1 Qc1+ 38. Kh2 Qf4+ 39. Kg1 Qe3+ 40.
Kh2 Qf4+ 1/2-1/2

[Event "Asia-ch U16"]
[Site "Sari"]
[Date "2013.06.24"]
[Round "6"]
[White "Girish, A Koushnik"]
[Black "Lu, Chan Hung"]
[Result "1-0"]
[WhiteElo "2397"]
[BlackElo "2107"]
[PlyCount "57"]
[EventDate "2013.06.21"]
[EventType "swiss"]
[EventRounds "9"]
[EventCountry "IRI"]
[SourceTitle "EXT 2015"]
[Source "ChessBase"]
[SourceDate "2014.11.20"]
[SourceVersion "1"]
[SourceVersionDate "2014.11.20"]
[SourceQuality "1"]

1. e4 c5 2. Nf3 Nf6 3. Nc3 d5 4. exd5 Nxd5 5. Bb5+ Nc6 6. O-O Nxc3 7. bxc3 Bd7
8. d4 e6 9. Be3 Qa5 10. Rb1 Be7 11. dxc5 a6 12. Bd3 Bxc5 13. Bxc5 Qxc5 14. Rxb7
Na5 15. Rxd7 Kxd7 16. Be4+ Ke7 17. Bxa8 Rxa8 18. Qd3 Rd8 19. Qxa6 Qxc3 20. Qb5
Rd5 21. Qa4 g5 22. h3 Rc5 23. Rd1 Nc6 24. Rd2 Kf6 25. Re2 Nb4 26. Nd2 Kg7 27.
Ne4 Qa1+ 28. Kh2 Rc4 29. c3 1-0

[Event "Asia-ch U16"]
[Site "Sari"]
[Date "2013.06.25"]
[Round "7"]
[White "Das, Sayantan"]
[Black "Girish, A Koushnik"]
[Result "0-1"]
[WhiteElo "2332"]
[BlackElo "2397"]
[PlyCount "64"]
[EventDate "2013.06.21"]
[EventType "swiss"]
[EventRounds "9"]
[EventCountry "IRI"]
[SourceTitle "EXT 2015"]
[Source "ChessBase"]
[SourceDate "2014.11.20"]
[SourceVersion "1"]
[SourceVersionDate "2014.11.20"]
[SourceQuality "1"]

1. Nf3 Nf6 2. c4 g6 3. g3 Bg7 4. Bg2 c6 5. d4 O-O 6. O-O d5 7. b3 Ne4 8. Bb2
Be6 9. Nbd2 Nxd2 10. Nxd2 c5 11. Nf3 Nc6 12. Ng5 Bxd4 13. Bxd4 cxd4 14. Nxe6
fxe6 15. cxd5 exd5 16. b4 e5 17. e3 e4 18. b5 dxe3 19. bxc6 exf2+ 20. Kh1 bxc6
21. Rc1 Qf6 22. Rc2 Rae8 23. Re2 e3 24. Qb3 Qd4 25. Rd1 Qg4 26. Qd3 Re5 27. Rf1
d4 28. Qc4+ Kg7 29. Qxc6 Rh5 30. Rb2 Qxg3 31. Qd7+ Kh6 32. h3 Rff5 0-1

[Event "Asia-ch U16"]
[Site "Sari"]
[Date "2013.06.26"]
[Round "9"]
[White "Tran, Tuan Minh"]
[Black "Girish, A Koushnik"]
[Result "0-1"]
[WhiteElo "2389"]
[BlackElo "2397"]
[PlyCount "90"]
[EventDate "2013.06.21"]
[EventType "swiss"]
[EventRounds "9"]
[EventCountry "IRI"]
[SourceTitle "EXT 2015"]
[Source "ChessBase"]
[SourceDate "2014.11.20"]
[SourceVersion "1"]
[SourceVersionDate "2014.11.20"]
[SourceQuality "1"]

1. d4 Nf6 2. Bg5 e6 3. e4 h6 4. Bxf6 Qxf6 5. Nc3 d6 6. Qd2 Nd7 7. f4 a6 8. Nf3
Qd8 9. a4 c5 10. d5 e5 11. fxe5 Nxe5 12. Nxe5 dxe5 13. Bc4 Bd6 14. O-O O-O 15.
a5 f5 16. exf5 Qh4 17. g3 Qxc4 18. Ra4 Qxa4 19. Nxa4 Bxf5 20. Rxf5 Rxf5 21. Nb6
Re8 22. Nc4 Bb8 23. Qe3 e4 24. Qxc5 e3 25. Nxe3 Rfe5 26. Nc4 Re2 27. d6 Rxc2
28. Kf1 Rc1+ 29. Kg2 Rd1 30. Qb6 Kh7 31. Qxb7 Bxd6 32. Qc6 Re2+ 33. Kh3 Be7 34.
Ne3 Rxe3 35. Qxa6 Re5 36. Qc6 Rd2 37. a6 Bc5 38. b4 Bg1 39. Qc3 Rxh2+ 40. Kg4
Re4+ 41. Kf5 Rhe2 42. Qc6 Re5+ 43. Kf4 Re6 44. Qd5 Rf2+ 45. Kg4 Rg6+ 0-1

[Event "ESP-chT CECLUB Honor"]
[Site "Linares"]
[Date "2013.09.10"]
[Round "3.3"]
[White "Almagro Llamas, Pablo"]
[Black "Giri, Anish"]
[Result "1/2-1/2"]
[WhiteElo "2477"]
[BlackElo "2737"]
[PlyCount "161"]
[EventDate "2013.09.08"]
[EventType "team-tourn"]
[EventRounds "7"]
[EventCountry "ESP"]
[SourceTitle "CBM 156 Extra"]
[Source "ChessBase"]
[SourceDate "2013.10.22"]
[SourceVersion "1"]
[SourceVersionDate "2013.10.22"]
[SourceQuality "1"]
[WhiteTeam "Atocha VTI"]
[BlackTeam "Sestao"]
[WhiteTeamCountry "ESP"]
[BlackTeamCountry "ESP"]

1. Nf3 d5 2. d4 Nf6 3. c4 c6 4. cxd5 cxd5 5. Nc3 Nc6 6. Bf4 Nh5 7. Bd2 e6 8. e3
Nf6 9. Rc1 Be7 10. Bd3 O-O 11. O-O b6 12. a3 Bb7 13. Qe2 Rc8 14. Ba6 Qc7 15.
Ne5 Qb8 16. f4 Na5 17. Bd3 Nb3 18. Rc2 Nxd2 19. Qxd2 Rc7 20. Rfc1 Rfc8 21. Qe2
g6 22. Nd1 Ne4 23. Rxc7 Rxc7 24. Rxc7 Qxc7 25. Bxe4 dxe4 26. Qb5 Kg7 27. Qc4
Qxc4 28. Nxc4 f6 29. Nc3 Ba6 30. Nd2 f5 31. Kf2 Bd3 32. g3 Kf7 33. Nb3 Ke8 34.
Ke1 Kd7 35. Nc1 Bc4 36. Kd2 Kc6 37. Kc2 b5 38. Nb3 Bd3+ 39. Kd2 b4 40. axb4
Bxb4 41. Kd1 h6 42. Na2 Be7 43. Kd2 Kb5 44. Nc5 Bxc5 45. dxc5 Bc4 46. c6 Kxc6
47. Nb4+ Kc5 48. Kc3 a6 49. Nc2 Bd3 50. Nd4 Kd6 51. h4 e5 52. fxe5+ Kxe5 53.
Kb4 g5 54. hxg5 hxg5 55. Kc5 Bb5 56. b3 f4 57. gxf4+ gxf4 58. exf4+ Kxf4 59.
Kb4 e3 60. Kc3 Ke4 61. Nc2 e2 62. Kd2 a5 63. Ne1 Ba6 64. Nc2 Bb5 65. Ne1 Kd4
66. Nc2+ Kc5 67. Ke3 Kd5 68. Kd2 Ba6 69. Ke3 Ke5 70. Kd2 Ke4 71. Ne1 Kf4 72.
Nc2 Ke5 73. Ke3 Kd5 74. Kd2 Kc5 75. Ke3 e1=Q+ 76. Nxe1 Kb4 77. Kd2 Kxb3 78. Kc1
a4 79. Kb1 Bb7 80. Ka1 Bd5 81. Nd3 1/2-1/2

[Event "NED-chT 1314"]
[Site "Netherlands"]
[Date "2013.11.02"]
[Round "2.1"]
[White "Bok, Benjamin"]
[Black "Giri, Anish"]
[Result "1/2-1/2"]
[WhiteElo "2534"]
[BlackElo "2732"]
[PlyCount "54"]
[EventDate "2013.09.21"]
[EventType "team-tourn"]
[EventRounds "9"]
[EventCountry "NED"]
[SourceTitle "EXT 2015"]
[Source "ChessBase"]
[SourceDate "2014.11.20"]
[SourceVersion "1"]
[SourceVersionDate "2014.11.20"]
[SourceQuality "1"]
[WhiteTeam "Calder HMC"]
[BlackTeam "En Passant"]
[WhiteTeamCountry "NED"]
[BlackTeamCountry "NED"]

1. e4 e6 2. d4 d5 3. Nd2 c5 4. exd5 Qxd5 5. Ngf3 cxd4 6. Bc4 Qd6 7. O-O Nf6 8.
Nb3 Nc6 9. Nbxd4 Nxd4 10. Nxd4 Be7 11. b3 O-O 12. Bb2 Qf4 13. Qf3 Qxf3 14. Nxf3
b6 15. a4 a5 16. Ne5 Bb7 17. Bd4 Bc5 18. Bxc5 bxc5 19. Rfd1 Rfd8 20. Be2 Rd5
21. f4 Kf8 22. Rxd5 Bxd5 23. Rd1 Be4 24. Bd3 Bb7 25. Bb5 Be4 26. Bd3 Bb7 27.
Bb5 Be4 1/2-1/2

[Event "Rosmalen Calder Cup Elite"]
[Site "Rosmalen"]
[Date "2014.06.28"]
[Round "1"]
[White "Bok, Benjamin"]
[Black "Giri, Anish"]
[Result "0-1"]
[WhiteElo "2591"]
[BlackElo "2752"]
[PlyCount "92"]
[EventDate "2014.06.28"]
[EventType "tourn (rapid)"]
[EventRounds "12"]
[EventCountry "NED"]
[EventCategory "17"]
[SourceTitle "CBM 161 Extra"]
[Source "ChessBase"]
[SourceDate "2014.08.29"]
[SourceVersion "1"]
[SourceVersionDate "2014.08.29"]
[SourceQuality "1"]

1. e4 c5 2. Nf3 d6 3. d4 cxd4 4. Nxd4 Nf6 5. Nc3 a6 6. Be3 e6 7. f3 b5 8. Qd2
b4 9. Na4 Nbd7 10. c4 bxc3 11. Nxc3 Bb7 12. Bc4 d5 13. exd5 Nb6 14. Bb3 Bxd5
15. O-O Bb4 16. Qf2 Bxb3 17. Nc6 Qd6 18. Nxb4 Nbd7 19. Nc2 Bxc2 20. Qxc2 O-O
21. Rfd1 Qb4 22. Rd4 Qb7 23. Rad1 Rac8 24. Qd2 Ne5 25. b3 Nc6 26. Rd6 Ne7 27.
Bg5 Ned5 28. Bxf6 Nxf6 29. Kh1 a5 30. Rd3 h6 31. Ne2 Qa7 32. Nc3 Qc5 33. g3 Rc6
34. Kg2 Qe7 35. Ne2 Qc7 36. Rc3 Nd5 37. Rxc6 Qxc6 38. Rc1 Qb6 39. Nc3 Ne3+ 40.
Kh1 Nf5 41. Ne4 Rd8 42. Qe2 Qd4 43. Re1 a4 44. bxa4 Qxa4 45. Kg2 Rc8 46. Nf2
Rc2 0-1

[Event "Rosmalen Calder Cup Elite"]
[Site "Rosmalen"]
[Date "2014.06.28"]
[Round "2"]
[White "Fridman, Daniel"]
[Black "Giri, Anish"]
[Result "1/2-1/2"]
[WhiteElo "2627"]
[BlackElo "2752"]
[PlyCount "89"]
[EventDate "2014.06.28"]
[EventType "tourn (rapid)"]
[EventRounds "12"]
[EventCountry "NED"]
[EventCategory "17"]
[SourceTitle "CBM 161 Extra"]
[Source "ChessBase"]
[SourceDate "2014.08.29"]
[SourceVersion "1"]
[SourceVersionDate "2014.08.29"]
[SourceQuality "1"]

1. d4 d5 2. c4 e6 3. Nc3 c6 4. Nf3 Nf6 5. Bg5 h6 6. Bxf6 Qxf6 7. e3 g6 8. Be2
Bg7 9. O-O O-O 10. cxd5 exd5 11. b4 Be6 12. Qb3 Qd8 13. Rfd1 Nd7 14. Rac1 b5
15. a4 a6 16. a5 Rc8 17. Ne1 f5 18. Nd3 g5 19. f4 Qe7 20. Bf3 Bf7 21. Re1 Rfe8
22. g3 h5 23. Qb2 h4 24. Ne5 Nxe5 25. dxe5 g4 26. Bg2 Bf8 27. Rb1 h3 28. Bf1 c5
29. Bd3 Be6 30. Ne2 d4 31. bxc5 dxe3 32. Nd4 e2 33. Rxe2 Qxc5 34. Rf2 Qd5 35.
Nxe6 Qxe6 36. Qa2 Rc4 37. Bxc4 bxc4 38. Rb6 Qd5 39. Qd2 Qe4 40. Rd6 Bxd6 41.
Qxd6 Qe1+ 42. Rf1 Qe3+ 43. Rf2 Qc1+ 44. Rf1 Qe3+ 45. Rf2 1/2-1/2

[Event "Rosmalen Calder Cup Elite"]
[Site "Rosmalen"]
[Date "2014.06.28"]
[Round "3"]
[White "Giri, Anish"]
[Black "Kasimdzhanov, Rustam"]
[Result "1-0"]
[WhiteElo "2752"]
[BlackElo "2700"]
[PlyCount "73"]
[EventDate "2014.06.28"]
[EventType "tourn (rapid)"]
[EventRounds "12"]
[EventCountry "NED"]
[EventCategory "17"]
[SourceTitle "CBM 161 Extra"]
[Source "ChessBase"]
[SourceDate "2014.08.29"]
[SourceVersion "1"]
[SourceVersionDate "2014.08.29"]
[SourceQuality "1"]

1. d4 Nf6 2. c4 e6 3. Nf3 d5 4. Nc3 Be7 5. Bf4 O-O 6. e3 c5 7. dxc5 Bxc5 8. a3
Nc6 9. Qc2 Be7 10. Rd1 Qa5 11. Be2 Ne4 12. cxd5 Nxc3 13. bxc3 exd5 14. O-O Bf6
15. c4 Be6 16. Bg5 dxc4 17. Bxf6 gxf6 18. Bxc4 Qc5 19. Rc1 Qxc4 20. Qxc4 Bxc4
21. Rxc4 Rfd8 22. Rb1 Rd7 23. g3 a6 24. Kg2 Rad8 25. a4 Re7 26. Rbc1 Rd5 27.
Rf4 Kg7 28. Nh4 Re6 29. Nf5+ Kf8 30. g4 Rd7 31. Rb1 Ne7 32. Rd4 Rxd4 33. Nxd4
Re5 34. Rxb7 f5 35. g5 f4 36. exf4 Re4 37. f5 1-0

[Event "Rosmalen Calder Cup Elite"]
[Site "Rosmalen"]
[Date "2014.06.28"]
[Round "4"]
[White "Giri, Anish"]
[Black "Bok, Benjamin"]
[Result "0-1"]
[WhiteElo "2752"]
[BlackElo "2591"]
[PlyCount "100"]
[EventDate "2014.06.28"]
[EventType "tourn (rapid)"]
[EventRounds "12"]
[EventCountry "NED"]
[EventCategory "17"]
[SourceTitle "CBM 161 Extra"]
[Source "ChessBase"]
[SourceDate "2014.08.29"]
[SourceVersion "1"]
[SourceVersionDate "2014.08.29"]
[SourceQuality "1"]

1. d4 Nf6 2. c4 g6 3. g3 Bg7 4. Bg2 c5 5. d5 e6 6. Nc3 exd5 7. cxd5 d6 8. Nf3
O-O 9. O-O Re8 10. Bf4 Na6 11. Re1 Bg4 12. h3 Bxf3 13. Bxf3 Nc7 14. a4 Rb8 15.
Qd2 a6 16. Reb1 b5 17. axb5 axb5 18. b4 cxb4 19. Na2 Ne4 20. Bxe4 Rxe4 21. Nxb4
Bxa1 22. Nc6 Qe8 23. Nxb8 Be5 24. Nc6 Bxf4 25. gxf4 Rxe2 26. Qb4 Nxd5 27. Qxd6
Nc3 28. Ra1 Re6 29. Qd8 Qxd8 30. Nxd8 Rb6 31. Ra8 Kg7 32. Ra7 Rf6 33. Rb7 Kf8
34. Rc7 Ne2+ 35. Kf1 Nxf4 36. Rc8 Kg7 37. h4 Nd3 38. Ke2 Nxf2 39. Rb8 Ne4 40.
Ke3 Nd6 41. Kd4 Nf5+ 42. Ke5 Nxh4 43. Rc8 Nf3+ 44. Ke4 Ng5+ 45. Ke5 Nf3+ 46.
Ke4 h5 47. Rc5 Nd2+ 48. Ke3 Nc4+ 49. Ke2 Nd6 50. Nc6 Ne4 0-1

[Event "Rosmalen Calder Cup Elite"]
[Site "Rosmalen"]
[Date "2014.06.28"]
[Round "5"]
[White "Giri, Anish"]
[Black "Fridman, Daniel"]
[Result "1-0"]
[WhiteElo "2752"]
[BlackElo "2627"]
[PlyCount "81"]
[EventDate "2014.06.28"]
[EventType "tourn (rapid)"]
[EventRounds "12"]
[EventCountry "NED"]
[EventCategory "17"]
[SourceTitle "CBM 161 Extra"]
[Source "ChessBase"]
[SourceDate "2014.08.29"]
[SourceVersion "1"]
[SourceVersionDate "2014.08.29"]
[SourceQuality "1"]

1. d4 d5 2. c4 e6 3. Nf3 Nf6 4. g3 dxc4 5. Bg2 Bb4+ 6. Bd2 a5 7. a3 Bxd2+ 8.
Nbxd2 b5 9. b3 cxb3 10. Qxb3 c6 11. O-O O-O 12. Rfc1 Bb7 13. Qb2 Nbd7 14. Ne1
Nb6 15. Bxc6 Bxc6 16. Rxc6 Rb8 17. Qxb5 Qxd4 18. Nb3 Qd8 19. Qxa5 Nfd5 20. Nd3
Qf6 21. Rcc1 Nc4 22. Rxc4 Rxb3 23. Rac1 Rbb8 24. a4 h5 25. Qd2 Rb3 26. Nc5 Rb2
27. R4c2 Rxc2 28. Qxc2 Ra8 29. h4 Qd4 30. Qc4 Qb2 31. Qc2 Qd4 32. a5 Nb4 33.
Qb1 g6 34. Nxe6 Qd2 35. Ng5 Na2 36. Rd1 Qxa5 37. Rd7 Nc3 38. Qd3 Qe5 39. Nxf7
Qe4 40. Nh6+ Kf8 41. Rf7+ 1-0

[Event "Rosmalen Calder Cup Elite"]
[Site "Rosmalen"]
[Date "2014.06.28"]
[Round "6"]
[White "Kasimdzhanov, Rustam"]
[Black "Giri, Anish"]
[Result "1/2-1/2"]
[WhiteElo "2700"]
[BlackElo "2752"]
[PlyCount "58"]
[EventDate "2014.06.28"]
[EventType "tourn (rapid)"]
[EventRounds "12"]
[EventCountry "NED"]
[EventCategory "17"]
[SourceTitle "CBM 161 Extra"]
[Source "ChessBase"]
[SourceDate "2014.08.29"]
[SourceVersion "1"]
[SourceVersionDate "2014.08.29"]
[SourceQuality "1"]

1. g3 d5 2. Bg2 g6 3. c4 d4 4. d3 Bg7 5. b4 e5 6. Nd2 Ne7 7. Ngf3 O-O 8. O-O a5
9. b5 c5 10. bxc6 Nexc6 11. Rb1 Na6 12. h4 h6 13. Nh2 Kh7 14. h5 gxh5 15. Ndf3
f5 16. Kh1 Qe7 17. e3 dxe3 18. Bxe3 f4 19. gxf4 exf4 20. Bb6 Bf5 21. Rb5 h4 22.
Re1 Qf6 23. Rxf5 Qxf5 24. Nxh4 Qf6 25. Be4+ Kg8 26. Bd5+ Kh7 27. Be4+ Kg8 28.
Bd5+ Kh7 29. Be4+ Kg8 1/2-1/2

[Event "Rosmalen Calder Cup Elite"]
[Site "Rosmalen"]
[Date "2014.06.28"]
[Round "7"]
[White "Bok, Benjamin"]
[Black "Giri, Anish"]
[Result "0-1"]
[WhiteElo "2591"]
[BlackElo "2752"]
[PlyCount "88"]
[EventDate "2014.06.28"]
[EventType "tourn (rapid)"]
[EventRounds "12"]
[EventCountry "NED"]
[EventCategory "17"]
[SourceTitle "CBM 161 Extra"]
[Source "ChessBase"]
[SourceDate "2014.08.29"]
[SourceVersion "1"]
[SourceVersionDate "2014.08.29"]
[SourceQuality "1"]

1. e4 c5 2. Nf3 d6 3. Bb5+ Nd7 4. d4 cxd4 5. Qxd4 a6 6. Bxd7+ Bxd7 7. O-O e5 8.
Qd3 Rc8 9. b3 b5 10. Ba3 Qc7 11. Rc1 Nf6 12. c4 Be7 13. Nbd2 Qb6 14. Nf1 b4 15.
Bb2 Bc6 16. Ng3 Bb7 17. Re1 g6 18. Bc1 O-O 19. Bg5 Rfe8 20. Bxf6 Bxf6 21. Nf1
Qc6 22. Ne3 a5 23. Nd5 Bd8 24. a3 bxa3 25. Rxa3 Rb8 26. Nd2 Qc5 27. Rea1 Bc6
28. Ne3 Kg7 29. Nb1 Qd4 30. Qxd4 exd4 31. Nc2 Bxe4 32. Nxd4 Bf6 33. Nb5 Bxa1
34. Rxa1 d5 35. N1c3 dxc4 36. Nd6 cxb3 37. Ndxe4 b2 38. Rb1 a4 39. f3 a3 40.
Kf2 Rbc8 41. Na2 Rc2+ 42. Kg3 Rec8 43. Nd6 Rc1 44. Nxc1 Rxc1 0-1